000 00849nam a2200205 i 4500
001 9278
003 ES-MaACL
005 20230906145637.0
007 t|
008 930604s1990 sp ||||1| spa d
080 _a061.43(465.111.3)"1990":7 Gayarre
080 _a7 Gayarre, Julián
080 _a782(46)"1844/1890"Gayarre
245 0 0 _aGayarre y su tiempo
_b: exposición celebrada con motivo del primer centenario de la muerte de Julián Gayarre : Pamplona, enero-febrero 1990 /
_cOrganizada por [el] Gobierno de Navarra.
260 _a[Pamplona] :
_bGobierno de Navarra, Departamento de Educación y Cultura,
_c1990.
300 _a216 p. : il. ;
_c29 cm.
600 1 4 _aGayarre, Julián.
_kExposiciones.
_956141
710 1 _aNavarra (Comunidad Autónoma).
_bDepartamento de Educación y Cultura.
_95980
852 _aES-MaACL
_jL-16416
_bR.118091
999 _c9278
_d9278